LEADER 00933nas a2200229 i 4500 001 000000156753 003 CaOOAMICUS 005 20061213000000.0 008 061213b1965 fr uu u0 0fre r 013 $a134108 040 $aSeMil$bita 245 12$aL'Eglise et l'homme d'aujourd'hui. 260 $aParis :$bCentre National de l'Enseignement Religieux,$c1965. 300 $aP. [129]-256 ;$c22 cm. 500 $aContiene : Bibliographie. 773 0 $tCatéchèse.$dParis : Centre National de l'Enseignement Religieux, 1961-2003.$x0576-9248$w()2087 774 0 $t[vedi periodico].$w()265500 850 $aSeMil 852 $aSeMil$W1$xVenegono$y1$m238 1 119$j108502$B108502$CSeMilBibl$Z2$F118065 $85 961 $aAcquisto: Bressan don Luca 996 $6245$aL'Eglise et l'homme d'aujourd'hui$9(OLS)http://semarc/title/229800 996 $6260$aParis :$bCentre National de l'Enseignement Religieux$9(OLS)http://semarc/publisher/30546 LEADER 00840nam a2200193 i 4500 001 000000215668 003 CaOOAMICUS 005 20120903000000.0 008 120903s1782 it u000 u ita u 013 $a194543 026 $ae-e. c.i- e.s. (c(b (3) 1782 (R) 040 $aSeMil$bita 245 10$aTomo 4. 300 $a432 p. 500 $aSegn. : A-2D8. 773 0 $aBergier, Nicolas-Sylvestre <1718-1790>$tTrattato storico, e dogmatico della vera religione, colla confutazione degli errori, che le sono stati opposti ne'differenti secoli. Del signor abbate Bergier ... Traduzione dal francese ... Tomo 1. [-12.].$dIn Venezia : Presso Gio: Antonio Pezzana, 1782.$g4$w()15880 850 $aSeMil 852 $aSeMil$W1$xVenegono$y1$m2B II 85 FA$j166088$B166088$CSeMilBibl$Z2$F177036 $8I 996 $6245$aTomo 4$9(OLS)http://semarc/title/136909